000
00208nam a2200097Ia 4500
008
220204s9999 xx 000 0 und d
082
_a
82-3
_b
ROB
100
_a
Robinson, Jill
245
0
_a
Perdido
942
_c
BK
999
_c
32948
_d
32948